The AiA Gluten and Dairy Free Cook Book : (Record no. 603020)

MARC details
000 -LEADER
fixed length control field 00516nam a2200193 a 4500
008 - FIXED-LENGTH DATA ELEMENTS--GENERAL INFORMATION
fixed length control field 251217s2002##################000#0#eng##
020 ## - INTERNATIONAL STANDARD BOOK NUMBER
ISBN 9781843100676
082 04 - DEWEY DECIMAL CLASSIFICATION NUMBER
Classification number 641.5638
Item number LEB
100 1# - MAIN ENTRY--AUTHOR NAME
Personal name Breton, Marilyn Le,
245 10 - TITLE STATEMENT
Title The AiA Gluten and Dairy Free Cook Book :
260 ## - PUBLICATION, DISTRIBUTION, ETC. (IMPRINT)
Name of publisher Jessica Kingsley Publishers,
Year of publication 2002.
300 ## - PHYSICAL DESCRIPTION
Number of Pages 466 pages
650 #0 - SUBJECT ADDED ENTRY--TOPICAL TERM
Topical Term Family & Relationships.
942 ## - ADDED ENTRY ELEMENTS (KOHA)
Koha item type English Books
Holdings
Withdrawn status Lost status Damaged status Not for loan Home library Current library Shelving location Date acquired Full call number Accession Number Price effective from Koha item type
        Anna Centenary Library Anna Centenary Library 6TH FLOOR, A WING 17.12.2025 641.5638 LEB 425779 17.12.2025 English Books

Find us on the map